The mysterious abductions / (Record no. 31426)

MARC details
000 -LEADER
fixed length control field 02480nam a2200493 4500
001 - CONTROL NUMBER
control field on1368206597
003 - CONTROL NUMBER IDENTIFIER
control field OCoLC
005 - DATE AND TIME OF LATEST TRANSACTION
control field 20260109033146.0
008 - FIXED-LENGTH DATA ELEMENTS--GENERAL INFORMATION
fixed length control field 230203t20212016nyua j 000 f eng d
020 ## - INTERNATIONAL STANDARD BOOK NUMBER
International Standard Book Number 9781944020026
020 ## - INTERNATIONAL STANDARD BOOK NUMBER
International Standard Book Number 1944020020
040 ## - CATALOGING SOURCE
Original cataloging agency MVS
Language of cataloging eng
Description conventions rda
Transcribing agency MVS
Modifying agency UtOrBLW
100 1# - MAIN ENTRY--PERSONAL NAME
Personal name Hecht, Tracey,
Relator term author.
Authority record control number http://id.loc.gov/authorities/names/no2016052296
245 14 - TITLE STATEMENT
Title The mysterious abductions /
Statement of responsibility, etc. Tracey Hecht.
250 ## - EDITION STATEMENT
Edition statement Seventh paperback edition.
264 #1 - PRODUCTION, PUBLICATION, DISTRIBUTION, MANUFACTURE, AND COPYRIGHT NOTICE
Place of production, publication, distribution, manufacture New York :
Name of producer, publisher, distributor, manufacturer Fabled Films Press,
Date of production, publication, distribution, manufacture, or copyright notice 2021.
264 #4 - PRODUCTION, PUBLICATION, DISTRIBUTION, MANUFACTURE, AND COPYRIGHT NOTICE
Date of production, publication, distribution, manufacture, or copyright notice ℗♭2016.
300 ## - PHYSICAL DESCRIPTION
Extent 220 pages, 10 unnumbered pages :
Other physical details color illustrations ;
Dimensions 21 cm.
336 ## - CONTENT TYPE
Content type term text
Content type code txt
Source rdacontent.
337 ## - MEDIA TYPE
Media type term unmediated
Media type code n
Source rdamedia.
338 ## - CARRIER TYPE
Carrier type term volume
Carrier type code nc
Source rdacarrier.
385 ## - AUDIENCE CHARACTERISTICS
Demographic group code age
Audience term Children
Source lcdgt.
490 1# - SERIES STATEMENT
Series statement The nocturnals ;
Volume/sequential designation book one.
500 ## - GENERAL NOTE
General note Jacket art by Kate Liebman.
500 ## - GENERAL NOTE
General note Includes bonus content: Character animal glossary, discussion questions for your book club, Q & A with the author.
520 ## - SUMMARY, ETC.
Summary, etc. Three unlikely nocturnal animal friends--Dawn the fox, Tobin the pangolin, and Bismark the sugar glider--form a brigade of the night to look into the mysterious disappearance of animals.
521 8# - TARGET AUDIENCE NOTE
Target audience note 530L
Source Lexile.
521 3# - TARGET AUDIENCE NOTE
Target audience note Decoding demand: 95 (very high)
-- Semantic demand: 100 (very high)
-- Syntactic demand: 75 (high)
-- Structure demand: 88 (very high)
Source Lexile.
526 0# - STUDY PROGRAM INFORMATION NOTE
Program name Accelerated Reader AR
Interest level MG
Reading level 4.2
Title point value 4
Public note 189213.
650 #0 - SUBJECT ADDED ENTRY--TOPICAL TERM
Topical term or geographic name as entry element Nocturnal animals
Form subdivision Juvenile fiction.
650 #0 - SUBJECT ADDED ENTRY--TOPICAL TERM
Topical term or geographic name as entry element Foxes
Form subdivision Juvenile fiction
Authority record control number http://id.loc.gov/authorities/subjects/sh2008120259.
650 #0 - SUBJECT ADDED ENTRY--TOPICAL TERM
Topical term or geographic name as entry element Pangolins
Form subdivision Juvenile fiction.
650 #0 - SUBJECT ADDED ENTRY--TOPICAL TERM
Topical term or geographic name as entry element Sugar glider
Form subdivision Juvenile fiction.
650 #0 - SUBJECT ADDED ENTRY--TOPICAL TERM
Topical term or geographic name as entry element Friendship
Form subdivision Juvenile fiction
Authority record control number http://id.loc.gov/authorities/subjects/sh2008103472.
650 #7 - SUBJECT ADDED ENTRY--TOPICAL TERM
Topical term or geographic name as entry element Friendships.
Source of heading or term homoit.
655 #7 - INDEX TERM--GENRE/FORM
Genre/form data or focus term Novels.
Source of term lcgft
Authority record control number http://id.loc.gov/authorities/genreForms/gf2015026020.
655 #7 - INDEX TERM--GENRE/FORM
Genre/form data or focus term Fiction.
Source of term lcgft
Authority record control number http://id.loc.gov/authorities/genreForms/gf2014026339.
655 #7 - INDEX TERM--GENRE/FORM
Genre/form data or focus term Animal fiction.
Source of term lcgft
Authority record control number http://id.loc.gov/authorities/genreForms/gf2017026034.
655 #7 - INDEX TERM--GENRE/FORM
Genre/form data or focus term Humorous fiction.
Source of term lcgft
Authority record control number http://id.loc.gov/authorities/genreForms/gf2014026377.
655 #7 - INDEX TERM--GENRE/FORM
Genre/form data or focus term Detective and mystery fiction.
Source of term lcgft
Authority record control number http://id.loc.gov/authorities/genreForms/gf2014026280.
700 1# - ADDED ENTRY--PERSONAL NAME
Personal name Liebman, Kate,
Relator term illustrator.
Authority record control number http://id.loc.gov/authorities/names/no2016053086
800 1# - SERIES ADDED ENTRY--PERSONAL NAME
Personal name Hecht, Tracey.
Title of a work Nocturnals ;
Volume/sequential designation bk. 1.
942 ## - ADDED ENTRY ELEMENTS (KOHA)
Koha item type Libro/Book
Holdings
Withdrawn status Lost status Damaged status Not for loan Home library Current library Date acquired Total Checkouts Full call number Barcode Checked out Date last seen Date checked out Price effective from Koha item type
        San Juan Del Sur -- Biblioteca San Juan Del Sur -- Biblioteca 09/01/2026 1 YA 30029516 16/05/2026 11/04/2026 11/04/2026 09/01/2026 Libro/Book

Powered by Koha